[Event "The King part 2"]
[Site "SchemingMind.com"]
[Date "2007.10.27"]
[Round "-"]
[White "Han Solo"]
[Black "Lazaro"]
[Result "1-0"]
[WhiteCountry "HUN"]
[BlackCountry "CUB"]
[WhiteElo "1716"]
[WhiteRD "87"]
[BlackElo "1507"]
[BlackRD "47"]
[GameID "126243"]

1. e4 c6 2. d4 d5 3. e5 Bf5 4. Bd3 Bxd3 5. Qxd3 e6 6. Nf3 c5 7. dxc5 Qa5+ 8. Nc3 Qxc5 9. Be3 Qa5 10. Qb5+ Qxb5
11. Nxb5 Na6 12. Nxa7 Nb4 13. Nb5 Rc8 14. O-O Nxc2 15. Rac1
1-0

[Event "The King part 2"]
[Site "SchemingMind.com"]
[Date "2007.10.26"]
[Round "-"]
[White "Kornel"]
[Black "Han Solo"]
[Result "0-1"]
[WhiteCountry "POL"]
[BlackCountry "HUN"]
[WhiteElo "1106"]
[WhiteRD "141"]
[BlackElo "1533"]
[BlackRD "100"]
[GameID "126323"]

1. e4 c5 2. Bc4 e6 3. Nc3 Nc6 4. a3 Nf6 5. Nf3 d5 6. Nxd5 exd5 7. exd5 Nxd5 8. Bxd5 Qxd5 9. d4 Nxd4 10. Nxd4 Qxd4
11. Qxd4 cxd4 12. c4 dxc3 13. bxc3 Bc5 14. Rb1 O-O 15. Rb5 Re8+ 16. Kf1 b6 17. h3 Ba6 18. c4 Rad8 19. Kg1 Bxb5 20. cxb5 Rd1+
21. Kh2 Rxh1+ 22. Kxh1 Re1+ 23. Kh2 Rxc1 24. f4 Bd6 25. g3 Bxa3 26. g4 Bd6 27. g5 Bxf4+
0-1

[Event "The King part 2"]
[Site "SchemingMind.com"]
[Date "2007.10.26"]
[Round "-"]
[White "Han Solo"]
[Black "Kornel"]
[Result "1-0"]
[WhiteCountry "HUN"]
[BlackCountry "POL"]
[WhiteElo "1533"]
[WhiteRD "100"]
[BlackElo "1106"]
[BlackRD "141"]
[GameID "126325"]

1. e4 e6 2. d4 d6 3. Nf3 h6 4. Bd3 a6 5. O-O b6 6. Qe2 g6 7. e5 d5 8. c4 Ne7 9. Bf4 Nd7 10. Nc3 Bg7
11. Qd2 Bb7 12. cxd5 Nxd5 13. Nxd5 Bxd5 14. Ne1 Qc8 15. Nc2 Qd8 16. Nb4 Bb7 17. Qc2 Qc8 18. Rac1 Qd8 19. Qxc7 Qxc7 20. Rxc7 Rb8
21. Bxa6 Bxa6 22. Nxa6 Ra8 23. Nb4 g5 24. Rfc1 Rc8 25. Rxc8+
1-0

[Event "The King part 2"]
[Site "SchemingMind.com"]
[Date "2007.10.26"]
[Round "-"]
[White "lemmie"]
[Black "Han Solo"]
[Result "0-1"]
[WhiteCountry "NED"]
[BlackCountry "HUN"]
[WhiteElo "1627"]
[WhiteRD "56"]
[BlackElo "1641"]
[BlackRD "92"]
[GameID "126328"]

1. e4 c5 2. Nf3 Nc6 3. Nc3 g6 4. b3 Bg7 5. Bb2 Nf6 6. d3 O-O 7. Be2 Nd4 8. O-O d5 9. exd5 Nxd5 10. Nxd4 Nxc3
11. Bxc3 cxd4 12. Bb4 Qc7 13. a3 Be6 14. Bf3 Bh6 15. Bd2 Bxd2 16. Qxd2 Rac8 17. Rac1 b5 18. b4 Qc3 19. Qxc3 Rxc3 20. h3 Rxa3
21. Bc6 a6 22. Ra1 Rc3 23. Rxa6 Rb8 24. Rc1 Bc8 25. Ra8 Rxa8 26. Bxa8 Bf5 27. Be4 Bxe4 28. dxe4 d3 29. Kf1 Rc4 30. f3 Kg7
31. Ke1 dxc2 32. Kd2 Rxb4 33. Rxc2 Rb1 34. Rc1 Rxc1 35. Kxc1 Kf6 36. Kc2 Ke5 37. g3 Kd4 38. Kd2 h6 39. g4 g5
0-1

[Event "The King part 2"]
[Site "SchemingMind.com"]
[Date "2007.10.27"]
[Round "-"]
[White "lemmie"]
[Black "Lazaro"]
[Result "1-0"]
[WhiteCountry "NED"]
[BlackCountry "CUB"]
[WhiteElo "1768"]
[WhiteRD "55"]
[BlackElo "1507"]
[BlackRD "47"]
[GameID "126329"]

1. e4 c6 2. Nf3 d5 3. exd5 cxd5 4. d4 Nf6 5. Nc3 Bg4 6. Be2 Nc6 7. h3 Bh5 8. O-O e6 9. Be3 Qb6 10. Rb1 Bd6
11. Na4 Qa5 12. b3 b5 13. Bd2 Bb4 14. c3 bxa4 15. cxb4 Qb6 16. b5 Bxf3 17. Bxf3 Nxd4 18. bxa4 O-O 19. Be3 Nxf3+ 20. gxf3 Qd6
21. Rc1
1-0

[Event "The King part 2"]
[Site "SchemingMind.com"]
[Date "2007.10.29"]
[Round "-"]
[White "Han Solo"]
[Black "lemmie"]
[Result "1-0"]
[WhiteCountry "HUN"]
[BlackCountry "NED"]
[WhiteElo "1641"]
[WhiteRD "92"]
[BlackElo "1627"]
[BlackRD "56"]
[GameID "126331"]

1. e4 e5 2. Nf3 Nc6 3. Bb5 a6 4. Bxc6 dxc6 5. O-O Bd6 6. d4 exd4 7. Qxd4 f6 8. e5 Be7 9. Qe3 fxe5 10. Qxe5 Nf6
11. Re1 h6 12. Bf4 O-O 13. Qxc7 Nd5 14. Qxd8 Bxd8 15. Bd6 Rf6 16. Re8+ Kh7 17. Rxd8 Nb6 18. Nc3 Re6 19. b3 Nd7 20. Bg3 a5
21. Rd1 Nb6 22. Bc7 Nd5 23. Nxd5 cxd5 24. R1xd5 Rc6 25. Rxa5 Rxa5 26. Bxa5 Rxc2 27. h3 Rxa2 28. Rxc8 Rxa5 29. Rc7 Rb5 30. Nd4 Rb4
31. Rc4 Rb6 32. b4 Rd6 33. Nb5 Rd5 34. Nc7 Rd7 35. b5 Kg6 36. b6 Rd6 37. Rg4+ Kh7 38. Rxg7+
1-0

[Event "The King part 2"]
[Site "SchemingMind.com"]
[Date "2007.10.29"]
[Round "-"]
[White "Lazaro"]
[Black "lemmie"]
[Result "0-1"]
[WhiteCountry "CUB"]
[BlackCountry "NED"]
[WhiteElo "1595"]
[WhiteRD "46"]
[BlackElo "1627"]
[BlackRD "56"]
[GameID "126332"]

1. e4 e5 2. Nf3 Nc6 3. Bb5 a6 4. Bxc6 dxc6 5. O-O Bd6 6. d4 exd4 7. Qxd4 f6 8. e5 c5 9. Qd5 Ne7 10. Qd1 fxe5
11. Qe2 Ng6 12. Bg5 Qd7 13. Nc3 O-O
0-1

[Event "The King part 2"]
[Site "SchemingMind.com"]
[Date "2007.10.26"]
[Round "-"]
[White "jtrochez1"]
[Black "Han Solo"]
[Result "0-1"]
[WhiteCountry "HON"]
[BlackCountry "HUN"]
[WhiteElo "1511"]
[WhiteRD "50"]
[BlackElo "1568"]
[BlackRD "97"]
[GameID "126340"]

1. e4 c5 2. Nc3 Nc6 3. Nf3 g6 4. d4 cxd4 5. Nxd4 Bg7 6. Be3 Nf6 7. Nb3 O-O 8. Bd3 d5 9. exd5 Nxd5 10. Bd2 Nxc3
11. Bxc3 Bxc3+ 12. bxc3 Qc7 13. O-O Ne5 14. Qd2 Ng4 15. g3 Ne5 16. Be2 Bh3 17. Rfe1 Qc6 18. f3 Rfd8 19. Nd4 Qc5 20. Qh6 Qxc3
21. Qxh3 Rxd4 22. Bd3 Nxf3+
0-1

[Event "The King part 2"]
[Site "SchemingMind.com"]
[Date "2007.10.27"]
[Round "-"]
[White "jtrochez1"]
[Black "Lazaro"]
[Result "1-0"]
[WhiteCountry "HON"]
[BlackCountry "CUB"]
[WhiteElo "1579"]
[WhiteRD "50"]
[BlackElo "1507"]
[BlackRD "47"]
[GameID "126341"]

1. e4 c6 2. Nc3 d5 3. exd5 cxd5 4. d4 Nf6 5. Nf3 Bg4 6. Be2 e6 7. Bd2 Nc6 8. Be3 Qb6 9. Qc1 Bxf3 10. Bxf3 Nxd4
11. Bd1 e5 12. h3 Qa5 13. a3 Bb4 14. axb4 Qxb4 15. O-O O-O 16. Ra4 Qc5 17. Bf3 Nxf3+ 18. gxf3 d4 19. Bxd4 exd4 20. Ne4 Nxe4
21. fxe4 f5 22. b4 Qc6 23. Ra3 fxe4 24. c4 d3 25. Qe3 Rf3 26. Qc5 Qg6+ 27. Kh2 Qh6 28. Kg1
1-0

[Event "The King part 2"]
[Site "SchemingMind.com"]
[Date "2007.10.29"]
[Round "-"]
[White "jtrochez1"]
[Black "lemmie"]
[Result "0-1"]
[WhiteCountry "HON"]
[BlackCountry "NED"]
[WhiteElo "1500"]
[WhiteRD "47"]
[BlackElo "1681"]
[BlackRD "66"]
[GameID "126342"]

1. e4 e5 2. Nf3 Nc6 3. Bc4 Bc5 4. d3 h6 5. Nc3 Nf6 6. h3 a6 7. Bd2 d6 8. Qc1 Nd4 9. Nxd4 Bxd4 10. a3 Nh5
11. Nd5 c6 12. Ne3 Nf4 13. c3 Ba7 14. Rh2 Qf6 15. Ng4 Bxg4 16. hxg4 b5 17. Ba2 Nxd3+
0-1

[Event "The King part 2"]
[Site "SchemingMind.com"]
[Date "2007.10.26"]
[Round "-"]
[White "Han Solo"]
[Black "jtrochez1"]
[Result "1-0"]
[WhiteCountry "HUN"]
[BlackCountry "HON"]
[WhiteElo "1508"]
[WhiteRD "99"]
[BlackElo "1500"]
[BlackRD "47"]
[GameID "126344"]

1. e4 e5 2. Nf3 Nc6 3. Bb5 d6 4. d4 Bd7 5. Nc3 a6 6. Bxc6 bxc6 7. dxe5 dxe5 8. Nxe5 Nf6 9. O-O Bd6 10. Nxd7 Nxd7
11. Qg4 g6 12. f4 Nf6 13. Qf3 Bf8 14. e5 Nh5 15. Qxc6+ Ke7 16. Nd5+
1-0

[Event "The King part 2"]
[Site "SchemingMind.com"]
[Date "2007.10.27"]
[Round "-"]
[White "Lazaro"]
[Black "jtrochez1"]
[Result "0-1"]
[WhiteCountry "CUB"]
[BlackCountry "HON"]
[WhiteElo "1595"]
[WhiteRD "46"]
[BlackElo "1556"]
[BlackRD "53"]
[GameID "126345"]

1. e4 e5 2. Nf3 d6 3. d4 exd4 4. Nxd4 Nc6 5. Bb5 Bd7 6. O-O Nxd4 7. Bxd7+ Qxd7 8. Qxd4 Nf6 9. Nc3 Be7 10. Bf4 c6
11. Rad1 c5 12. Qd3 Nh5 13. Bxd6 b6 14. Bxe7 Qxe7
0-1

[Event "The King part 2"]
[Site "SchemingMind.com"]
[Date "2007.10.29"]
[Round "-"]
[White "lemmie"]
[Black "jtrochez1"]
[Result "1-0"]
[WhiteCountry "NED"]
[BlackCountry "HON"]
[WhiteElo "1681"]
[WhiteRD "66"]
[BlackElo "1500"]
[BlackRD "47"]
[GameID "126346"]

1. d4 d5 2. c4 Nf6 3. Bg5 Bf5 4. Nc3 c6 5. Bxf6 exf6 6. cxd5 Bb4 7. e3 cxd5 8. Ne2 Nc6 9. a3 Be7 10. Ng3 Bg6
11. Bb5 Qc7 12. Nxd5 Qd6 13. Nxe7 Qxe7 14. d5 Rd8 15. Qf3 Qc7 16. dxc6 Qa5+ 17. b4 Qxb5 18. cxb7 Rb8 19. Rc1 O-O 20. Rc5 Qd3
21. Ne2 Be4 22. Qf4 Bxb7 23. Rc3 Qb1+ 24. Rc1 Qe4 25. Qxe4 Bxe4 26. O-O Rbc8 27. Nd4 Rxc1 28. Rxc1 a6 29. f3 Bd3 30. a4 Kh8
31. b5 axb5 32. axb5 Rb8 33. Rc3 Bb1 34. b6 Ba2 35. b7 g5 36. Rc8+
1-0

[Event "The King part 2"]
[Site "SchemingMind.com"]
[Date "2007.10.27"]
[Round "-"]
[White "shmpradeep"]
[Black "Han Solo"]
[Result "0-1"]
[WhiteCountry "IND"]
[BlackCountry "HUN"]
[WhiteElo "1429"]
[WhiteRD "128"]
[BlackElo "1568"]
[BlackRD "97"]
[GameID "126383"]

1. e4 c5 2. Bc4 e6 3. Qf3 Nc6 4. c3 Ne5 5. Qh5 Nxc4 6. Nf3 Nf6 7. Qh3 Qc7 8. d3 Nb6 9. Na3 d5 10. exd5 exd5
11. Qg3 Qxg3 12. hxg3 Bd7 13. O-O Bd6 14. Re1+ Kd8
0-1

[Event "The King part 2"]
[Site "SchemingMind.com"]
[Date "2007.10.31"]
[Round "-"]
[White "Han Solo"]
[Black "shmpradeep"]
[Result "1-0"]
[WhiteCountry "HUN"]
[BlackCountry "IND"]
[WhiteElo "1508"]
[WhiteRD "99"]
[BlackElo "1519"]
[BlackRD "137"]
[GameID "126388"]

1. e4 e5 2. Nf3 Bc5 3. Nxe5 Qf6 4. d4 Bb4+ 5. c3 Be7 6. Bc4 Kd8 7. Nxf7+ Ke8 8. Nxh8 Qh4 9. Qf3 Nh6 10. Bxh6 Qxh6
11. Qf7+
1-0

[Event "The King part 2"]
[Site "SchemingMind.com"]
[Date "2007.10.27"]
[Round "-"]
[White "jamesm_beatty"]
[Black "jtrochez1"]
[Result "1-0"]
[WhiteCountry "USA"]
[BlackCountry "HON"]
[WhiteElo "1524"]
[WhiteRD "72"]
[BlackElo "1500"]
[BlackRD "47"]
[GameID "126404"]

1. e4 e5 2. Nf3 d6 3. d4 Bg4 4. dxe5 Bxf3 5. Qxf3 dxe5 6. Bc4 Nf6 7. Qb3 Bd6 8. Bxf7+ Ke7 9. Qxb7 Nbd7 10. Qb3 Nf8
11. Nc3 Rb8 12. Qc4 c6 13. a3 h6 14. Be3 Qc7 15. O-O g5 16. Na4 Rh7 17. Bg8 Rg7 18. Rad1 Rd8 19. Rxd6 Kxd6 20. Rd1+ Ke7
21. Qc5+ Ke8 22. Rxd8+ Qxd8 23. Qxc6+ N8d7 24. Be6 Ke7 25. Bxa7 Nb8 26. Bc5+
1-0

[Event "The King part 2"]
[Site "SchemingMind.com"]
[Date "2007.10.27"]
[Round "-"]
[White "jamesm_beatty"]
[Black "Han Solo"]
[Result "0-1"]
[WhiteCountry "USA"]
[BlackCountry "HUN"]
[WhiteElo "1524"]
[WhiteRD "72"]
[BlackElo "1508"]
[BlackRD "99"]
[GameID "126405"]

1. e4 c5 2. Nf3 Nc6 3. d4 cxd4 4. Nxd4 Nf6 5. Nc3 e5 6. Ndb5 d6 7. Bg5 a6 8. Na3 b5 9. Nd5 Be7 10. Bxf6 Bxf6
11. c3 O-O 12. Qf3 Bg5 13. Rd1 f5 14. exf5 Bxf5 15. Bd3 e4 16. Bxe4 Bxe4 17. Qxe4 Re8 18. Qxe8+ Qxe8+ 19. Kf1 Qh5 20. f3 Ne5
21. Ke2 Rf8 22. Rhf1 Qxh2 23. Ne3 Bxe3 24. Kxe3 Qxg2 25. f4 Qg3+ 26. Ke4 Qg2+ 27. Kd4 Qxb2 28. fxe5 Rxf1 29. Nc4 Rxd1+
0-1

[Event "The King part 2"]
[Site "SchemingMind.com"]
[Date "2007.10.27"]
[Round "-"]
[White "jamesm_beatty"]
[Black "Lazaro"]
[Result "1-0"]
[WhiteCountry "USA"]
[BlackCountry "CUB"]
[WhiteElo "1550"]
[WhiteRD "80"]
[BlackElo "1507"]
[BlackRD "47"]
[GameID "126407"]

1. e4 c6 2. d4 d5 3. exd5 cxd5 4. c4 Nf6 5. Nc3 Nc6 6. Bg5 dxc4 7. d5 Ne5 8. Nf3 Nxf3+ 9. Qxf3 b5 10. Bxf6 exf6
11. Nxb5 Bb4+ 12. Nc3 O-O 13. O-O-O Qa5 14. Bxc4 Ba6 15. Bxa6 Qxa6 16. a3 Bxc3 17. Qxc3 Rac8 18. Qxc8 Rxc8+ 19. Kb1 Rb8 20. d6 Rd8
21. d7 Qc6 22. Rhe1 Kf8 23. b4 Rxd7 24. Rxd7 Qxd7 25. Kc2
1-0

[Event "The King part 2"]
[Site "SchemingMind.com"]
[Date "2007.10.29"]
[Round "-"]
[White "jamesm_beatty"]
[Black "lemmie"]
[Result "0-1"]
[WhiteCountry "USA"]
[BlackCountry "NED"]
[WhiteElo "1498"]
[WhiteRD "72"]
[BlackElo "1639"]
[BlackRD "62"]
[GameID "126408"]

1. e4 e5 2. Nf3 Nc6 3. d4 exd4 4. Nxd4 Nxd4 5. Qxd4 d6 6. Nc3 Nf6 7. Bc4 Be7 8. Bg5 h6 9. Bh4 O-O 10. Nd5 Nxd5
11. Bxe7 Nxe7 12. O-O Nc6 13. Qd3 Ne5 14. Qb3 Nxc4 15. Qxc4 Be6 16. Qe2 Qf6 17. c3 a6 18. a3 b5 19. f3 Bc4 20. Qxc4 bxc4
21. Rfd1 Rab8 22. Rab1 Rfd8 23. Rd4 Qe6 24. f4 Qg4 25. Rxc4 c5 26. g3 Qe2 27. b4 Qxc4 28. bxc5 Rxb1+
0-1

[Event "The King part 2"]
[Site "SchemingMind.com"]
[Date "2007.10.27"]
[Round "-"]
[White "jtrochez1"]
[Black "jamesm_beatty"]
[Result "1-0"]
[WhiteCountry "HON"]
[BlackCountry "USA"]
[WhiteElo "1524"]
[WhiteRD "49"]
[BlackElo "1554"]
[BlackRD "69"]
[GameID "126410"]

1. e4 e5 2. Nf3 Nc6 3. Bc4 Nf6 4. Nc3 Bc5 5. h3 d6 6. d3 h6 7. a3 O-O 8. Nd5 a6 9. c3 b5 10. Ba2 Be6
11. b4 Ba7 12. Qe2 Ne7 13. Nxf6+ gxf6 14. Bxh6 Re8 15. Bxe6 fxe6 16. Nh4 d5 17. Qg4+ Kf7 18. Qg7#
1-0

[Event "The King part 2"]
[Site "SchemingMind.com"]
[Date "2007.10.27"]
[Round "-"]
[White "Han Solo"]
[Black "jamesm_beatty"]
[Result "1-0"]
[WhiteCountry "HUN"]
[BlackCountry "USA"]
[WhiteElo "1508"]
[WhiteRD "99"]
[BlackElo "1524"]
[BlackRD "72"]
[GameID "126411"]

1. e4 e5 2. Nf3 Nc6 3. Bb5 a6 4. Bxc6 dxc6 5. O-O f6 6. d4 Bg4 7. dxe5 Qxd1 8. Rxd1 fxe5 9. Rd3 Bd6 10. Bg5 Nf6
11. Nbd2 O-O-O 12. Nc4 h6 13. Bh4 g5 14. Bg3 Nxe4 15. Nfxe5 Bxe5 16. Bxe5 Rxd3 17. cxd3 Re8 18. dxe4 b5 19. Ne3 Be2 20. Bg7 h5
21. e5 c5 22. Re1 Bd3 23. Nd5 c6 24. Nf6 Re7 25. Nxh5 c4 26. Bf6 Rd7 27. e6 Rd5 28. e7 Bg6 29. e8=Q+ Bxe8 30. Rxe8+
1-0

[Event "The King part 2"]
[Site "SchemingMind.com"]
[Date "2007.10.27"]
[Round "-"]
[White "Lazaro"]
[Black "jamesm_beatty"]
[Result "0-1"]
[WhiteCountry "CUB"]
[BlackCountry "USA"]
[WhiteElo "1507"]
[WhiteRD "47"]
[BlackElo "1550"]
[BlackRD "80"]
[GameID "126413"]

1. e4 e5 2. Nf3 Nc6 3. Bb5 a6 4. Bxc6 dxc6 5. O-O f6 6. d4 exd4 7. Nxd4 c5 8. Ne2 Qxd1 9. Rxd1 Bd6 10. Nbc3 Ne7
11. Bf4 O-O 12. Bxd6 cxd6 13. Rxd6 b5 14. Nd5 Nxd5 15. Rxd5 c4 16. Rad1 Bb7 17. R5d4 Rfe8 18. Ng3 Re5 19. f3 Re7 20. Nf5 Re5
21. Nxg7 Bxe4 22. Rxe4 Rxe4 23. fxe4 Kxg7
0-1

[Event "The King part 2"]
[Site "SchemingMind.com"]
[Date "2007.10.29"]
[Round "-"]
[White "lemmie"]
[Black "jamesm_beatty"]
[Result "0-1"]
[WhiteCountry "NED"]
[BlackCountry "USA"]
[WhiteElo "1639"]
[WhiteRD "62"]
[BlackElo "1498"]
[BlackRD "72"]
[GameID "126414"]

1. d4 Nf6 2. Nf3 d5 3. Nc3 e6 4. e3 c5 5. dxc5 Bxc5 6. Bb5+ Bd7 7. Bxd7+ Qxd7 8. Bd2 Nc6 9. O-O O-O 10. a3 Bd6
11. Nb5 a6 12. Nxd6 Qxd6 13. Nd4 Nxd4 14. exd4 Qb6 15. Bc3 Ne4 16. Rb1 Rac8 17. Bb4 Rfe8 18. f3 Nd6 19. Bc5 Qc6 20. Rc1 Nc4
21. Rb1 Ne3 22. Qd2 Nxf1 23. Rxf1 b6 24. Bb4 Qxc2 25. Qxc2 Rxc2 26. Bc3 Ra8 27. h3 b5 28. Kh2 a5 29. Rb1 g5 30. Kg3 Kg7
31. Rg1 b4 32. axb4 axb4 33. Bxb4 Rxb2 34. Bc5 Ra4 35. h4 h6 36. hxg5 hxg5 37. Kg4 Raa2 38. Kh3 f5 39. Kg3 g4 40. fxg4 fxg4
41. Kxg4 Rxg2+ 42. Rxg2 Rxg2+ 43. Kf4 Kf6 44. Bd6 Rh2 45. Kg4 Re2 46. Kf4 Re4+
0-1

[Event "The King part 2"]
[Site "SchemingMind.com"]
[Date "2007.10.27"]
[Round "-"]
[White "mr_inconsistent"]
[Black "jtrochez1"]
[Result "0-1"]
[WhiteCountry "IND"]
[BlackCountry "HON"]
[WhiteElo "1406"]
[WhiteRD "90"]
[BlackElo "1511"]
[BlackRD "50"]
[GameID "126482"]

1. e4 e5 2. Nf3 d6 3. Bc4 Bg4 4. d3 Nd7 5. Nc3 Ngf6 6. Bg5 Be7 7. Bxf6 Bxf6 8. O-O O-O 9. Nd5 c6 10. Nxf6+ Qxf6
11. a4 a6 12. h3 Be6 13. Bxe6 fxe6 14. a5 d5 15. b3 d4 16. b4 Qe7 17. Rb1 Rf6 18. Qd2 h6 19. c3 Kf7 20. c4 Rg8
21. c5 g5 22. Qe2 Ke8 23. Nh2 Rfg6 24. g4 Nf6 25. Qa2 Kd7 26. Nf3 R6g7 27. Nxe5+ Kc7 28. Qb2 Rd8 29. Nf3 e5 30. Nd2 h5
31. f3 Qe6 32. Nc4 Rh7 33. Qh2 Nd7 34. Qg3 h4 35. Qf2 Rf8 36. Qh2 Rf4 37. Qe2 Rh6 38. Rf2 Rhf6 39. Nd2 Qa2 40. Rff1 Qf7
41. Rb2 Re6 42. Kg2 Kd8 43. Rf2 Nf6 44. Nb3 Nd7 45. Qd1 Rff6 46. Qe2 Nf8 47. Nd2 Ng6 48. Qd1 Nf4+ 49. Kh2 Nxd3 50. Qe2 Nxb2
51. Nc4 Nxc4 52. Qxc4 Ke7 53. Kg2 Ke8 54. Kh2 Re7 55. Qd3 Rf4 56. Kg2 Re6 57. Qc4 Rd6 58. Qd3 Rd5 59. Rf1 Rd7 60. Rf2 Qg6
61. Rf1 Rdf7 62. Rf2 Rxe4 63. fxe4 Rxf2+ 64. Kxf2 Qf6+ 65. Kg2 Qf4 66. Qf3 Qd2+ 67. Qf2 Qxb4 68. Qf5 Qd2+ 69. Kf1 Qd3+ 70. Kg2 Qg3+
71. Kf1 Qxh3+ 72. Kf2 Qg3+ 73. Kf1 Qf4+ 74. Kg2 Qxf5 75. gxf5 Kf7
0-1

[Event "The King part 2"]
[Site "SchemingMind.com"]
[Date "2007.10.27"]
[Round "-"]
[White "mr_inconsistent"]
[Black "Han Solo"]
[Result "0-1"]
[WhiteCountry "IND"]
[BlackCountry "HUN"]
[WhiteElo "1316"]
[WhiteRD "98"]
[BlackElo "1508"]
[BlackRD "99"]
[GameID "126483"]

1. e4 c5 2. c4 e6 3. Nc3 Nc6 4. Nf3 Nge7 5. d3 d5 6. Be3 d4 7. Bg5 dxc3 8. b3 Qa5 9. Qc2 Nd4 10. Ne5 Nxc2+
0-1

[Event "The King part 2"]
[Site "SchemingMind.com"]
[Date "2007.10.27"]
[Round "-"]
[White "mr_inconsistent"]
[Black "jamesm_beatty"]
[Result "1/2-1/2"]
[WhiteCountry "IND"]
[BlackCountry "USA"]
[WhiteElo "1406"]
[WhiteRD "90"]
[BlackElo "1498"]
[BlackRD "72"]
[GameID "126486"]

1. e4 e5 2. Nf3 Nc6 3. Bc4 Nf6 4. Nc3 Bc5 5. O-O d6 6. d3 Bg4 7. Bg5 h6 8. Bh4 g5 9. Bg3 Nd4 10. h3 Bh5
11. Nb5 Nxf3+ 12. gxf3 a6 13. Nc3 Qd7 14. Nd5 Nxd5 15. Bxd5 c6 16. Bb3 Qxh3 17. Qe2 O-O-O 18. c4 Bg6 19. Rfd1 Bh5 20. Qf1 Qe6
21. Qg2 f5 22. Kf1 g4 23. fxg4 fxg4 24. Ke2 Bd4 25. Rab1 Rhg8 26. Bc2 Rdf8 27. Rh1 Qf7 28. b3 Re8 29. Rh4 Bxf2 30. Bxf2 g3+
31. Ke1 gxf2+ 32. Qxf2 Bf3 33. Bd1 Ref8 34. Bxf3 Qxf3 35. Qxf3 Rxf3 36. Ke2 Rgf8 37. Rh2 R8f6 38. Rg2 b5 39. Rh1 Kc7 40. cxb5 axb5
41. Rh5 Kd7 42. Rgh2 Rf1 43. Rxh6 Rxh6 44. Rxh6 Ra1 45. Rh7+ Kc8 46. Ra7 c5 47. Kd2 Kb8 48. Ra3 Kb7 49. Kc3 b4+ 50. Kb2 Rf1
51. Ra4 Rf2+ 52. Kc1 Rf3 53. Kc2 Rf2+ 54. Kd1 Rb2 55. Kc1 Re2 56. Kd1 Rf2 57. Ke1 Rh2 58. Kd1 Rb2 59. Kc1 Rf2 60. Kd1 Kb6
61. Ke1 Rg2 62. Kd1=
1/2-1/2

[Event "The King part 2"]
[Site "SchemingMind.com"]
[Date "2007.10.29"]
[Round "-"]
[White "mr_inconsistent"]
[Black "lemmie"]
[Result "0-1"]
[WhiteCountry "IND"]
[BlackCountry "NED"]
[WhiteElo "1316"]
[WhiteRD "98"]
[BlackElo "1681"]
[BlackRD "66"]
[GameID "126487"]

1. e4 e5 2. Nf3 Nc6 3. Bc4 Bc5 4. Nc3 Nf6 5. d3 h6 6. O-O d6 7. Bd2 Bg4 8. a3 Nd4 9. Be3 Nxf3+ 10. gxf3 Bh3
11. Re1 Bxe3 12. fxe3 Nd5 13. Bxd5 Qg5+ 14. Kf2 Qg2#
0-1

[Event "The King part 2"]
[Site "SchemingMind.com"]
[Date "2007.10.28"]
[Round "-"]
[White "jtrochez1"]
[Black "mr_inconsistent"]
[Result "1-0"]
[WhiteCountry "HON"]
[BlackCountry "IND"]
[WhiteElo "1500"]
[WhiteRD "47"]
[BlackElo "1316"]
[BlackRD "98"]
[GameID "126489"]

1. e4 e5 2. Bc4 Nf6 3. d3 Nc6 4. Nf3 Bc5 5. Bg5 d6 6. Nc3 O-O 7. Nd5 Be6 8. Nxf6+ gxf6 9. Bh6 Re8 10. Bb5 a6
11. Bxc6 bxc6 12. Nh4 f5 13. Qh5 fxe4 14. dxe4 f6 15. Ng6 Bf7 16. O-O-O Bxg6 17. Qg4 Bxf2 18. h4 Kf7 19. h5 Ke7 20. hxg6 hxg6
21. Qxg6 Kd7 22. Qf5+ Re6 23. Qxf2 Kc8 24. Bd2 Qg8 25. Rh2 Kb7 26. Ba5 Rf8 27. Rdh1 Qf7 28. Rh7 Qe8 29. Rxc7+ Kb8 30. Qa7#
1-0

[Event "The King part 2"]
[Site "SchemingMind.com"]
[Date "2007.10.27"]
[Round "-"]
[White "Han Solo"]
[Black "mr_inconsistent"]
[Result "1/2-1/2"]
[WhiteCountry "HUN"]
[BlackCountry "IND"]
[WhiteElo "1774"]
[WhiteRD "79"]
[BlackElo "1562"]
[BlackRD "97"]
[GameID "126490"]

1. e4 e5 2. Nf3 Nc6 3. Bb5 d6 4. d4 exd4 5. Nxd4 Bd7 6. Bxc6 Bxc6 7. Nxc6 bxc6 8. Nc3 Nf6 9. Bg5 Be7 10. O-O h6
11. Bf4 O-O 12. e5 Nd5 13. Nxd5 cxd5 14. Qxd5 dxe5 15. Qxd8 Raxd8 16. Bxe5 Bd6 17. Bc3 Rfe8 18. Rfe1 Rf8 19. Rad1 Rd7 20. Rd4 c5
21. Rd5 Bxh2+ 22. Kxh2 Rxd5 23. Re7 Ra8 24. Rc7 a5 25. a4 Rf5 26. f3 f6 27. Rb7 g5 28. Rb5 Kf7 29. Rxa5 Rxa5 30. Bxa5 c4
31. Bb6 Ke6 32. a5 Rb5 33. b3 cxb3 34. cxb3 Rxb3 35. Bc5 Rb5 36. Bb6 f5 37. Kh3 Ke5 38. Kg3 Rb4 39. Kh2 Kd5 40. Kh3 Kc6
41. Bd8 Kb5 42. Kg3 Rb2 43. Bc7 Ka6 44. Kh2 Rb4 45. Kg3 h5 46. Bd8 Rb5 47. Bxg5 Rxa5 48. Kf4 Kb7 49. Bh4 Kc6 50. Kg5 Kd7
51. Kxh5 Ke6 52. g3 Kf7 53. f4 Kg7 54. Bd8 Rd5 55. Bc7 Rd3 56. Kg5 Rxg3+=
1/2-1/2

[Event "The King part 2"]
[Site "SchemingMind.com"]
[Date "2007.10.28"]
[Round "-"]
[White "jamesm_beatty"]
[Black "mr_inconsistent"]
[Result "0-1"]
[WhiteCountry "USA"]
[BlackCountry "IND"]
[WhiteElo "1503"]
[WhiteRD "73"]
[BlackElo "1413"]
[BlackRD "95"]
[GameID "126493"]

1. e4 e5 2. Nf3 Nc6 3. Nxe5 Nxe5 4. d4 Nc6 5. Nc3 d6 6. Bc4 Nf6 7. Qf3 Nxd4 8. Qd3 Nc6 9. Nd5 Nxd5 10. Qxd5 Be6
11. Qd3 Ne5 12. Qb3 Bxc4 13. Qxb7 Qb8 14. Qxb8+ Rxb8 15. b3 Be6 16. Be3 Be7 17. Bxa7 Ra8 18. Bd4 Bf6 19. Rd1 Nd7 20. Bxf6 Nxf6
21. a4 Nxe4 22. O-O O-O 23. f3 Nf6 24. Rd4 Rfd8 25. c4 c5 26. Rd2 Ne8 27. Ra1 Nc7 28. g4 g5 29. Rad1 Ra6 30. Kg2 Ne8
31. Kg3 Rb6 32. Rd3 Rdb8 33. f4 h6 34. f5 Bd7 35. Kf3 f6 36. a5 Ra6
0-1

[Event "The King part 2"]
[Site "SchemingMind.com"]
[Date "2007.10.29"]
[Round "-"]
[White "lemmie"]
[Black "mr_inconsistent"]
[Result "1-0"]
[WhiteCountry "NED"]
[BlackCountry "IND"]
[WhiteElo "1661"]
[WhiteRD "68"]
[BlackElo "1413"]
[BlackRD "95"]
[GameID "126494"]

1. d4 d5 2. Nf3 Nc6 3. e3 Bf5 4. Bb5 e6 5. Nc3 Nf6 6. h3 Be7 7. Ne5 O-O 8. Bxc6 bxc6 9. Nxc6 Qe8 10. Nxe7+ Qxe7
11. O-O c6 12. Ne2 Ne4 13. f3 Nf6 14. Ng3 Bg6 15. b3 Qd6 16. f4 Ne4 17. Nxe4 Bxe4 18. a4 Qe7 19. Ba3 Qf6 20. Bxf8 Qg6
21. Qg4 Qxg4 22. hxg4 Rxf8 23. Rac1 g6 24. g5 Rb8 25. g3 a5 26. Kf2 Kg7 27. Ke2 Kf8 28. Rf2 Ke7 29. Rh2 Rh8 30. c4 Kd7
31. c5 Kc7 32. Kd2 Kb7 33. Ra1 Ka6 34. Ra2 Kb7 35. Rb2 Bf5 36. b4 Bg4 37. Rh6 Bh5 38. b5 Kc7 39. bxc6 Kxc6 40. Rb5 Bf3
41. Rxa5 Be4 42. Ra6+ Kb7 43. Rb6+
1-0

[Event "The King part 2"]
[Site "SchemingMind.com"]
[Date "2007.10.27"]
[Round "-"]
[White "eckhart"]
[Black "jtrochez1"]
[Result "0-1"]
[WhiteCountry "ITA"]
[BlackCountry "HON"]
[WhiteElo "1258"]
[WhiteRD "135"]
[BlackElo "1500"]
[BlackRD "47"]
[GameID "126497"]

1. d4 d5 2. c4 e6 3. Nc3 Bb4 4. e3 Bxc3+ 5. bxc3 Nf6 6. Ba3 c6 7. cxd5 exd5 8. Nf3 Bg4 9. Be2 Bxf3 10. Bxf3 Nbd7
11. O-O Qc7 12. Bg4 O-O-O 13. Be7 Rde8 14. Bb4 Ne4 15. Qa4 Kb8 16. Ba5 Nb6 17. Bxb6 Qxb6 18. Qc2 Re7 19. Rab1 Qa5 20. Qb3 h5
21. Qxb7+ Rxb7
0-1